Statystyki dla Quiz o państwach słowiańskich

Kliknij tutaj aby rozwiązać quiz!

Ogólne statystyki

  • Ten quiz został rozwiązany 420 razy
  • Średni wynik to 11 z 17

Statystyki odpowiedzi

PytanieOdpowiedź% Poprawnych
Największe państwoUkraina
97%
Najludniejsze państwoPolska
94%
Państwo wysunięte najbardziej na wschódUkraina
86%
Państwo wysunięte najbardziej na zachódCzechy
84%
Państwo z największym krajowym PKBPolska
79%
Państwo wysunięte najbardziej na północBiałoruś
78%
Liczba państw bez dostępu do morza5
67%
Największe miasto (populacja)Kijów
67%
Stolica wysunięta najbardziej na zachódPraga
63%
Państwo z największym PKB na mieszkańcaSłowenia
63%
Państwo wysunięte najbardziej na południeMacedonia Północna
60%
Najdłuższa rzekaDunaj
54%
Najmniejsze państwo (powierzchnia)Czarnogóra
52%
Najmniejsze państwo (populacja)Czarnogóra
49%
Największe miasto, które nie jest stolicąCharków
38%
Największe miasto nad morzemOdessa
36%
Najwyższy szczyt górskiGerlach
28%

Rozkład punktacji

Percentyl według liczby udzielonych odpowiedzi

Procent ludzi z każdym wynikiem

Twoja historia wyników

Nie rozwiązałeś tego quizu